Mathematics: with applications in the management, natural, and social sciences / (Record no. 180097)
[ view plain ]
| 000 -LEADER | |
|---|---|
| fixed length control field | 00986 a2200205 4500 |
| 003 - CONTROL NUMBER IDENTIFIER | |
| control field | Nust |
| 005 - DATE AND TIME OF LATEST TRANSACTION | |
| control field | 20221101093315.0 |
| 010 ## - LIBRARY OF CONGRESS CONTROL NUMBER | |
| LC control number | 73090593 |
| 020 ## - INTERNATIONAL STANDARD BOOK NUMBER | |
| International Standard Book Number | 0673077918 |
| 040 ## - CATALOGING SOURCE | |
| Transcribing agency | Nust |
| 082 00 - DEWEY DECIMAL CLASSIFICATION NUMBER | |
| Classification number | 510,LIA |
| 100 1# - MAIN ENTRY--PERSONAL NAME | |
| Personal name | Lial, Margaret L. |
| 9 (RLIN) | 102087 |
| 245 10 - TITLE STATEMENT | |
| Title | Mathematics: with applications in the management, natural, and social sciences / |
| Statement of responsibility, etc. | Margaret L. Lial & Charles D. Miller. |
| 260 ## - PUBLICATION, DISTRIBUTION, ETC. | |
| Place of publication, distribution, etc. | Glenview, Ill., |
| Name of publisher, distributor, etc. | Scott, Foresman |
| Date of publication, distribution, etc. | [1974] |
| 300 ## - PHYSICAL DESCRIPTION | |
| Extent | 564 p. |
| Other physical details | illus. |
| Dimensions | 25 cm. |
| 505 ## - FORMATTED CONTENTS NOTE | |
| Formatted contents note | Relations and Sets (Page-2), Functions (Page-34), Exponential and Logarithmic Functions (Page-78), Matrix Theory (Page-136), Linear Systems (Page-179), Linear Programming (Page-215), Probability (Page-268), Decisions Theory (Page-312), Statistics (Page-343), Sequences and Limits (Page-394), Differential Calculus (Page-434), Integral Calculus (Page-483), Tables (Page-528). |
| 650 #0 - SUBJECT ADDED ENTRY--TOPICAL TERM | |
| Topical term or geographic name entry element | Mathematics. |
| 700 1# - ADDED ENTRY--PERSONAL NAME | |
| Personal name | Miller, Charles David, |
| Dates associated with a name | 1942- |
| 9 (RLIN) | 102088 |
| 942 ## - ADDED ENTRY ELEMENTS (KOHA) | |
| Source of classification or shelving scheme | |
| Koha item type | Book |
| Call number prefix | 510,LIA |
| Withdrawn status | Lost status | Source of classification or shelving scheme | Damaged status | Not for loan | Permanent Location | Current Location | Shelving location | Date acquired | Full call number | Barcode | Date last seen | Price effective from | Koha item type | Public note |
|---|---|---|---|---|---|---|---|---|---|---|---|---|---|---|
| Military College of Signals (MCS) | Military College of Signals (MCS) | General Stacks | 12/12/2016 | 510,LIA | MCS7668 | 12/08/2016 | 12/12/2016 | Book Bank | Almirah No. A/135, Shelf No.6 |
